000 00615nam a2200241Ia 4500
003 OSt
005 20221007074901.0
006 a|||||r|||| 00| 0
007 ta
008 221006b |||||||| |||| 00| 0 eng d
024 _a6,514
037 _cTextual
040 _aFLL
_cFLL
_beng
041 _2eng
_aeng
082 _aX:413:Z2q, P3
100 _aBasu N. D.
_9625774
245 0 _aMotor vehicles act
250 _a9th
260 _aNew Delhi
_bAshoka Law House India
_c2003
300 _aclii,1610p
_ccm.
942 _hX:413:Z2q, P3
_cTEXL
_2CC
999 _c1154029
_d1154029